REAL Longest words - Statistics

General Stats
  • This quiz has been taken 92 times
    86 since last reset
  • The average score is 11 of 16
Answer Stats
Hint Answer Hint 2 % Correct
Lung disease Pneumonoultramicroscopicsilicovolcanoconiosis Pneumono
100%
Opposition of a disestablishment Antidisestablishmentarianism Anti
84%
Lake in Massachusetts, US Chargoggagoggmanchauggagoggchaubunagungamaugg Charg
84%
Estimating as worthless Floccinaucinihilipilification Flocci
81%
Fear of long words Hippopotomonstrosesquipedaliophobia/Hippopotomonstrosesquippedaliophobia Hippo
78%
Extraordinary Supercalifragilisticexpialidocious Supercali
78%
Fear of 666 Hexakosioihexekontahexaphobia Hexa
75%
Hill in NZ Taumatawhakatangihangakoauauotamateaturipukakapikimaungahoronukupokaiwhenuakitanatahu Taumata
72%
Can't comprehend Incomprehensibilities/Incomprehensibility/Incomprehensible Incompre
69%
A village in Wales Llanfairpwllgwyngyllgogerychwyrndrobwllllantysiliogogogoch Llanfair
69%
The term used by Dr. Edward Strother to describe the spa waters in Bath, UK Aequeosalinocalcalinoceraceoaluminosocupreovitriolic Aequeo
66%
2,2,2-Trichloroethane-1,1-diyl2,2,2-Trichloroethane-1,1-diyl4-chlorobenzene Dichlorodiphenyltrichloroethane Dichloro
66%
Form of dacryocystorhinostomy Canaliculodacryocystorhinostomy Cana
53%
(plural) Opposition of a revolution Counterrevolutionaries Counterr
53%
(plural) an action or device designed to negate or offset a countermeasure Countercountermeasures Counterc
50%
(Ethane-1,2-diyl)bis[N-(carboxymethyl)glycine] Ethylenediaminetetraacetate Ethylene
38%
No matching quizzes found
Score Distribution
Percent of People with Each Score
Percentile by Number Answered
Your Score History
You have not taken this quiz since the last reset